[Event "SV Bottrop 1 - SV Unser Fritz 1"]
[Site "Verbandsliga - Gruppe 2 2021/"]
[Date "2022.05.01"]
[Round "8.4"]
[White "Gierse, Heinz-Dieter"]
[Black "Mueller, Martin"]
[Result "1-0"]
[WhiteElo "1896"]
[BlackElo "2042"]
[PlyCount "97"]
[EventDate "2022.??.??"]
[WhiteTeam "SV Bottrop 1"]
[BlackTeam "SV Unser Fritz 1"]

1. Nf3 d6 2. g3 e5 3. d3 f5 4. e4 Nf6 5. Nc3 Be7 6. Bg2 c6 7. O-O O-O 8. Qe2
fxe4 9. dxe4 b5 10. a4 bxa4 11. Rxa4 Nfd7 12. Be3 Nb6 13. Raa1 a5 14. Bxb6 Qxb6
15. Na4 Qa7 16. Rfe1 Ba6 17. Qe3 Nd7 18. Bh3 Bd8 19. Kg2 Nb6 20. Be6+ Kh8 21.
b3 Nxa4 22. Qxa7 Rxa7 23. Rxa4 Bb5 24. Ra2 Re7 25. Bc4 Bxc4 26. bxc4 Ref7 27.
Re3 g5 28. h3 h5 29. c3 a4 30. c5 g4 31. hxg4 hxg4 32. Nh2 Rg7 33. cxd6 Bb6 34.
Rd3 a3 35. f3 Bc5 36. Nxg4 Rd8 37. Nxe5 Rxd6 38. f4 Ra7 39. Rxd6 Bxd6 40. Nc4
Bc5 41. Kf3 Rb7 42. Nxa3 Rb3 43. Rh2+ Kg7 44. Nc2 Rxc3+ 45. Kg4 Bg1 46. Rg2 Bb6
47. Re2 Bc7 48. Nd4 Bb6 49. Nf5+ 1-0

[Event "SV Bottrop 1 - SV Unser Fritz 1"]
[Site "Verbandsliga - Gruppe 2 2021/"]
[Date "2022.05.01"]
[Round "8.5"]
[White "Koch, Till"]
[Black "Jaeger, Heinz"]
[Result "0-1"]
[WhiteElo "1812"]
[BlackElo "1968"]
[Annotator "daniel"]
[PlyCount "78"]
[EventDate "2022.??.??"]
[WhiteTeam "SV Unser Fritz 1"]
[BlackTeam "SV Bottrop 1"]

1. e4 g6 2. d4 Bg7 3. Nf3 d6 4. Bc4 Nc6 5. c3 e5 6. O-O h6 7. Qb3 Qe7 8. dxe5
dxe5 9. Bd5 Nd8 10. Qc2 Nf6 11. Bb3 O-O 12. Nbd2 Nd7 13. a4 Nc5 14. Ba2 Kh7 15.
b4 Nce6 16. Nc4 f6 17. Ne3 Re8 18. g3 c6 19. Ba3 Qf7 20. Nc4 Bf8 21. Rfd1 Qc7
22. Rd2 Nf7 23. h4 g5 24. Ne3 gxh4 25. Nxh4 Neg5 26. Nef5 Nd6 27. Nxd6 Bxd6 28.
Rad1 Be7 $11 29. f4 Qb6+ 30. Kg2 Bh3+ 31. Kh2 exf4 32. e5+ f5 33. Nxf5 Kh8 34.
Nd4 fxg3+ 35. Kxg3 Qc7 36. Nf3 Nxf3 37. Rd6 Bxd6 38. Rxd6 Qg7+ 39. Kxh3 Rxe5
0-1

[Event "SV Bottrop 1 - SV Unser Fritz 1"]
[Site "Verbandsliga - Gruppe 2 2021/"]
[Date "2022.05.01"]
[Round "8.6"]
[White "Ruhmann, Gabriel"]
[Black "Prang, Andreas"]
[Result "1/2-1/2"]
[WhiteElo "1711"]
[BlackElo "1772"]
[PlyCount "56"]
[EventDate "2022.??.??"]
[WhiteTeam "SV Bottrop 1"]
[BlackTeam "SV Unser Fritz 1"]

1. d4 Nf6 2. Nf3 c5 3. c3 b6 4. g3 Bb7 5. Bg2 g6 6. O-O Bg7 7. Qb3 Qc7 8. Bf4
d6 9. dxc5 Qxc5 10. Na3 O-O 11. Be3 Qc8 12. Rfd1 Nbd7 13. Rac1 Be4 14. Nc2 Nc5
15. Qa3 Qb7 16. Nce1 Nd5 17. Bd4 e5 18. Bxc5 dxc5 19. Qa4 Nc7 20. Nd2 Bxg2 21.
Nxg2 Rfd8 22. Qe4 Qxe4 23. Nxe4 Kf8 24. c4 f5 25. Nc3 e4 26. Ne3 Bh6 27. Rxd8+
Rxd8 28. Rd1 Rxd1+ 1/2-1/2

[Event "SV Bottrop 1 - SV Unser Fritz 1"]
[Site "Verbandsliga - Gruppe 2 2021/"]
[Date "2022.05.01"]
[Round "8.7"]
[White "Goessling, Juergen"]
[Black "Kuesgen, Dirk"]
[Result "1-0"]
[WhiteElo "1709"]
[BlackElo "1699"]
[PlyCount "45"]
[EventDate "2022.??.??"]
[WhiteTeam "SV Unser Fritz 1"]
[BlackTeam "SV Bottrop 1"]

1. e4 Nf6 2. Nc3 d5 3. exd5 Nxd5 4. Bc4 c6 5. Nf3 g6 6. O-O Bg7 7. Re1 O-O 8.
d4 Bg4 9. h3 Bxf3 10. Qxf3 Nb6 11. Bb3 e6 12. Be3 N8d7 13. Rad1 Nd5 14. Bc1 Qf6
15. Qg3 Nxc3 16. bxc3 a5 17. a4 Rfc8 18. Bg5 Qf5 19. Rd3 h6 20. Bd2 c5 21. Rf3
Qh5 22. Rxf7 Kxf7 23. Bxe6+ 1-0

[Event "SV Rot-Weiß-Altenessen 1 - SG Gladbeck "]
[Site "Verbandsklasse - Gruppe 1 202"]
[Date "2022.05.01"]
[Round "8.1"]
[White "Hassenrueck, Helmut"]
[Black "Praß, Marian"]
[Result "1-0"]
[WhiteElo "2101"]
[BlackElo "2010"]
[PlyCount "73"]
[EventDate "2022.??.??"]
[WhiteTeam "SG Gladbeck 1"]
[BlackTeam "SV Rot-Weiß-Altenessen 1"]

1. d4 Nf6 2. Nf3 e6 3. c4 d5 4. Nc3 Be7 5. Bf4 Nh5 6. Bd2 a6 7. e4 dxe4 8. Nxe4
Nf6 9. Bd3 Nxe4 10. Bxe4 Nd7 11. O-O Nf6 12. Bc2 O-O 13. Qe2 b5 14. c5 Bb7 15.
Be3 Bd5 16. Ne5 Nd7 17. Rfd1 Qe8 18. b4 Nxe5 19. dxe5 Qc6 20. Qg4 Rfd8 21. Bh6
g6 22. Bg5 Qe8 23. Bf6 Bxf6 24. exf6 Bc6 25. Qf4 e5 26. Qh6 Qf8 27. Qg5 Re8 28.
Re1 h6 29. Qg3 Re6 30. Rxe5 Rxf6 31. Rae1 Re8 32. Rxe8 Bxe8 33. Qxc7 Bc6 34.
Rd1 Re6 35. Bb3 Qe7 36. Qc8+ Kg7 37. Bxe6 1-0

[Event "SV Rot-Weiß-Altenessen 1 - SG Gladbeck "]
[Site "Verbandsklasse - Gruppe 1 202"]
[Date "2022.05.01"]
[Round "8.2"]
[White "Rohloff, Markus"]
[Black "Frohne, Gerd"]
[Result "0-1"]
[WhiteElo "1897"]
[BlackElo "2041"]
[PlyCount "74"]
[EventDate "2022.??.??"]
[WhiteTeam "SV Rot-Weiß-Altenessen 1"]
[BlackTeam "SG Gladbeck 1"]

1. e4 e6 2. d4 d5 3. Nc3 Nf6 4. e5 Nfd7 5. f4 c5 6. Nf3 Nc6 7. Be3 cxd4 8. Nxd4
Bc5 9. Nxc6 bxc6 10. Bxc5 Nxc5 11. Qd4 Qe7 12. b4 Nd7 13. Bd3 a5 14. Rb1 axb4
15. Qxb4 c5 16. Qb5 Rb8 17. Qc6 Rxb1+ 18. Nxb1 O-O 19. Bb5 f6 20. exf6 Nxf6 21.
O-O c4 22. Nd2 Qa7+ 23. Kh1 Bd7 24. Qa6 Qxa6 25. Bxa6 Ra8 26. Bb7 Rxa2 27. Nf3
Rxc2 28. Ra1 Rb2 29. Ra8+ Kf7 30. Bc8 Rb1+ 31. Ng1 c3 32. Bxd7 Nxd7 33. Rc8 d4
34. h3 Rc1 35. Kh2 d3 36. Nf3 d2 37. Ng5+ Ke7 0-1

[Event "SV Rot-Weiß-Altenessen 1 - SG Gladbeck "]
[Site "Verbandsklasse - Gruppe 1 202"]
[Date "2022.05.01"]
[Round "8.3"]
[White "Berg, Dietmar"]
[Black "Kordonowski, Frank"]
[Result "1/2-1/2"]
[WhiteElo "1962"]
[BlackElo "1955"]
[PlyCount "120"]
[EventDate "2022.??.??"]
[WhiteTeam "SG Gladbeck 1"]
[BlackTeam "SV Rot-Weiß-Altenessen 1"]

1. d4 c5 2. e3 Nf6 3. Nf3 e6 4. Bd3 Nc6 5. c3 d5 6. Nbd2 cxd4 7. exd4 Bd6 8.
O-O O-O 9. Re1 Qc7 10. Nf1 e5 11. dxe5 Nxe5 12. Nxe5 Bxe5 13. Bg5 h6 14. Bh4
Bg4 15. Qa4 Bd7 16. Bb5 Bf5 17. Bg3 Bxg3 18. Nxg3 Bg6 19. Rad1 Qb6 20. Re2 a6
21. Bd3 Bxd3 22. Rxd3 Rfe8 23. Rdd2 g6 24. Qd4 Qxd4 25. Rxd4 Rxe2 26. Nxe2 Re8
27. Kf1 Kf8 28. f3 Re5 29. Rb4 Re7 30. Rd4 Ke8 31. Nf4 Re5 32. Rb4 Nd7 33. Rxb7
Nc5 34. Rb4 g5 35. Ne2 Nd3 36. Rb6 h5 37. b3 Re6 38. Rb7 g4 39. Rb8+ Ke7 40. f4
Kf6 41. Rd8 h4 42. Rxd5 Re3 43. g3 hxg3 44. hxg3 Rf3+ 45. Kg1 Re3 46. a4 Ke6
47. Rd8 Ke7 48. Rd4 Nc5 49. Kf2 Rf3+ 50. Kg2 Nxb3 51. Rc4 Nd2 52. Rd4 Nf1 53.
Re4+ Kd6 54. Nd4 Nxg3 55. Nxf3 Nxe4 56. Ne5 Nxc3 57. Nxf7+ Ke6 58. Nh6 Nxa4 59.
Nxg4 Nc5 60. Ne3 a5 1/2-1/2

[Event "SV Rot-Weiß-Altenessen 1 - SG Gladbeck "]
[Site "Verbandsklasse - Gruppe 1 202"]
[Date "2022.05.01"]
[Round "8.4"]
[White "Cavasin, Joerg"]
[Black "Kruse, Peter"]
[Result "1/2-1/2"]
[WhiteElo "1861"]
[BlackElo "1972"]
[PlyCount "107"]
[EventDate "2022.??.??"]
[WhiteTeam "SV Rot-Weiß-Altenessen 1"]
[BlackTeam "SG Gladbeck 1"]

1. c4 Nf6 2. Nc3 c5 3. e4 Nc6 4. Nf3 d6 5. h3 g6 6. Be2 Bg7 7. O-O O-O 8. Rb1
b6 9. d3 h6 10. a3 a5 11. Be3 e5 12. Qd2 Kh7 13. Kh2 Be6 14. Rg1 Ng8 15. g4 f6
16. Rg2 g5 17. h4 Nd4 18. Rh1 Kg6 19. Bd1 Rb8 20. Bxd4 cxd4 21. Nb5 Qd7 22. h5+
Kh7 23. Ng1 Ne7 24. f3 d5 25. Ba4 dxc4 26. Ne2 Qd8 27. Rc1 cxd3 28. Qxd3 Rc8
29. Rgg1 Bd7 30. Bb3 Rxc1 31. Rxc1 Qb8 32. a4 Rc8 33. Bc4 Kh8 34. b3 Rc5 35.
Ng3 Nc6 36. Kg2 Nb4 37. Qd2 Bf8 38. Ne2 Qc8 39. Kg3 Be6 40. Na3 Kg7 41. Rb1 Bf7
42. Ra1 Rc7 43. Nb5 Bxc4 44. Nxc7 Bxe2 45. Rc1 Bc5 46. Qxe2 d3 47. Qd2 Qxc7 48.
Qc3 Qd7 49. Qc4 Qf7 50. Qb5 Qxb3 51. Rc4 Kf7 52. Qd7+ Be7 53. Rc8 Qd1 54. Rc7
1/2-1/2

[Event "SV Rot-Weiß-Altenessen 1 - SG Gladbeck "]
[Site "Verbandsklasse - Gruppe 1 202"]
[Date "2022.05.01"]
[Round "8.5"]
[White "Rickert, Stefan"]
[Black "Avgustin, Thomas"]
[Result "0-1"]
[WhiteElo "1899"]
[BlackElo "1731"]
[PlyCount "82"]
[EventDate "2022.??.??"]
[WhiteTeam "SG Gladbeck 1"]
[BlackTeam "SV Rot-Weiß-Altenessen 1"]

1. e4 g6 2. Nf3 Bg7 3. Bc4 d6 4. d4 Nf6 5. e5 dxe5 6. Nxe5 O-O 7. O-O Nbd7 8.
Nf3 c5 9. Bb3 Ne4 10. Bf4 cxd4 11. Re1 Ndc5 12. Na3 Bg4 13. Nc4 Nxb3 14. axb3
Nc5 15. Nce5 Ne6 16. Bg3 Bxf3 17. Qxf3 Qc8 18. h4 a5 19. Nc4 Ra6 20. Nxa5 Qa8
21. b4 d3 22. Qxd3 Bxb2 23. Rab1 Rd8 24. Qb3 Bf6 25. c3 Rd3 26. Rbc1 b5 27. Qc2
Rxc3 28. Qe2 Nd4 29. Qg4 h5 30. Qd1 Qc8 31. Kh2 Nf5 32. Qd2 Nxg3 33. fxg3 Rd6
34. Qh6 Be5 35. Kh1 Qf5 36. Rxc3 Bxc3 37. Rxe7 Re6 38. Rc7 Re1+ 39. Kh2 Be5 40.
Ra7 Bxg3+ 41. Kxg3 Qg4+ 0-1

[Event "SV Rot-Weiß-Altenessen 1 - SG Gladbeck "]
[Site "Verbandsklasse - Gruppe 1 202"]
[Date "2022.05.01"]
[Round "8.6"]
[White "Drawe, Thomas"]
[Black "Rickert, Dirk"]
[Result "1/2-1/2"]
[WhiteElo "1813"]
[BlackElo "1784"]
[PlyCount "24"]
[EventDate "2022.??.??"]
[WhiteTeam "SV Rot-Weiß-Altenessen 1"]
[BlackTeam "SG Gladbeck 1"]

1. c4 Nf6 2. g3 e6 3. Bg2 d5 4. cxd5 exd5 5. Nf3 Bd6 6. O-O O-O 7. d4 Re8 8.
Nc3 c6 9. Re1 Bg4 10. Qb3 Qb6 11. Qxb6 axb6 12. h3 Bf5 1/2-1/2

[Event "SV Rot-Weiß-Altenessen 1 - SG Gladbeck "]
[Site "Verbandsklasse - Gruppe 1 202"]
[Date "2022.05.01"]
[Round "8.7"]
[White "Huttny, Georg"]
[Black "Neugebauer, Thomas"]
[Result "1-0"]
[WhiteElo "1805"]
[BlackElo "1830"]
[PlyCount "121"]
[EventDate "2022.??.??"]
[WhiteTeam "SG Gladbeck 1"]
[BlackTeam "SV Rot-Weiß-Altenessen 1"]

1. c4 Nf6 2. g3 g6 3. Bg2 Bg7 4. Nc3 O-O 5. e4 d6 6. Nge2 e5 7. O-O Nc6 8. h3
Be6 9. d3 Qd7 10. Kh2 Nd4 11. Nxd4 exd4 12. Ne2 c5 13. f4 Ne8 14. g4 f6 15. f5
Bf7 16. h4 Rb8 17. a4 b6 18. Bf4 Nc7 19. Ng3 a6 20. Qd2 Rfe8 21. b4 Bf8 22. b5
Kh8 23. Qf2 Be7 24. Bd2 Rg8 25. g5 fxg5 26. f6 gxh4 27. fxe7 hxg3+ 28. Kxg3 Be6
29. Qf6+ Rg7 30. Bh6 Qxe7 31. Bxg7+ Qxg7 32. Qxg7+ Kxg7 33. Bh3 a5 34. Bxe6
Nxe6 35. Rae1 Rb7 36. e5 dxe5 37. Rxe5 Nf8 38. Re8 Rf7 39. Rxf7+ Kxf7 40. Rc8
Nd7 41. Kf4 h6 42. Rd8 Ke6 43. Re8+ Kf6 44. Rd8 Ke6 45. Rc8 g5+ 46. Ke4 h5 47.
Rc6+ Ke7 48. Kf5 g4 49. Rh6 g3 50. Rh7+ Kd6 51. Rxh5 g2 52. Rh6+ Ke7 53. Rg6
g1=Q 54. Rxg1 Kd6 55. Rg6+ Kc7 56. Rc6+ Kb7 57. Ke6 Nb8 58. Rd6 Kc7 59. Ke7 Kb7
60. Kd8 Ka7 61. Kc7 1-0

[Event "SV Rot-Weiß-Altenessen 1 - SG Gladbeck "]
[Site "Verbandsklasse - Gruppe 1 202"]
[Date "2022.05.01"]
[Round "8.8"]
[White "Guth, Gerd-Volker"]
[Black "Kasten, Jorst"]
[Result "1/2-1/2"]
[WhiteElo "1790"]
[BlackElo "1693"]
[PlyCount "30"]
[EventDate "2022.??.??"]
[WhiteTeam "SV Rot-Weiß-Altenessen 1"]
[BlackTeam "SG Gladbeck 1"]

1. d4 Nf6 2. e3 e6 3. a3 b6 4. Nf3 Bb7 5. Nbd2 Be7 6. Be2 c5 7. dxc5 Bxc5 8. b4
Be7 9. Bb2 O-O 10. O-O d5 11. c4 Nbd7 12. Rc1 Rc8 13. h3 Re8 14. Ne5 Nxe5 15.
Bxe5 Nd7 1/2-1/2

[Event "SC Doppelbauer Brambauer 1 - SK Germani"]
[Site "Verbandsklasse - Gruppe 2 202"]
[Date "2022.05.01"]
[Round "8.1"]
[White "Schaefer, Johannes"]
[Black "Remmler, Volker"]
[Result "1/2-1/2"]
[WhiteElo "1772"]
[BlackElo "2008"]
[PlyCount "27"]
[EventDate "2022.??.??"]
[WhiteTeam "SK Germania Kupferdreh 1"]
[BlackTeam "SC Doppelbauer Brambauer 1"]

1. d4 e6 2. Bf4 d5 3. e3 Bd6 4. Bg3 Nf6 5. Nf3 b6 6. Nbd2 O-O 7. c3 c5 8. Bd3
Bb7 9. Ne5 Qc7 10. f4 Nbd7 11. O-O Ne4 12. Nxe4 dxe4 13. Bb5 Nf6 14. f5 1/2-1/2

[Event "SC Doppelbauer Brambauer 1 - SK Germani"]
[Site "Verbandsklasse - Gruppe 2 202"]
[Date "2022.05.01"]
[Round "8.2"]
[White "Koth, Stefan"]
[Black "Krimphoff, Ingo"]
[Result "1/2-1/2"]
[WhiteElo "2062"]
[BlackElo "1960"]
[PlyCount "37"]
[EventDate "2022.??.??"]
[WhiteTeam "SC Doppelbauer Brambauer 1"]
[BlackTeam "SK Germania Kupferdreh 1"]

1. c4 c6 2. Nf3 d5 3. e3 Nf6 4. b3 Bg4 5. Bb2 e6 6. Qc2 Be7 7. Nc3 O-O 8. h4
Nbd7 9. Be2 e5 10. Ng5 Bxe2 11. Kxe2 d4 12. Nce4 Nxe4 13. Qxe4 f5 14. Qf3 d3+
15. Kf1 Bxg5 16. hxg5 Qxg5 17. Rh5 Qg6 18. Rh3 Rae8 19. Rg3 1/2-1/2

[Event "SC Doppelbauer Brambauer 1 - SK Germani"]
[Site "Verbandsklasse - Gruppe 2 202"]
[Date "2022.05.01"]
[Round "8.3"]
[White "Praemaßing, Reiner"]
[Black "Czeratzki, Michael"]
[Result "1/2-1/2"]
[WhiteElo "1850"]
[BlackElo "1928"]
[PlyCount "145"]
[EventDate "2022.??.??"]
[WhiteTeam "SK Germania Kupferdreh 1"]
[BlackTeam "SC Doppelbauer Brambauer 1"]

1. e4 e6 2. d4 d5 3. exd5 exd5 4. Bd3 Nf6 5. Bg5 Be7 6. Ne2 c6 7. O-O O-O 8.
Re1 Re8 9. c4 Nbd7 10. Nbc3 Nb6 11. c5 Nbd7 12. b4 Nf8 13. b5 Ne6 14. Bh4 Bd7
15. a4 g6 16. a5 Nh5 17. Bxe7 Qxe7 18. Qd2 Qf6 19. bxc6 bxc6 20. Ba6 Nhf4 21.
Nxf4 Nxf4 22. f3 Rab8 23. Ne2 Nxe2+ 24. Bxe2 Rb3 25. Ba6 Reb8 26. Rac1 Rb2 27.
Qe3 Ra2 28. Ra1 Rbb2 29. Rxa2 Rxa2 30. Qc3 Qg5 31. Bf1 Bh3 32. g3 Bxf1 33. Rxf1
Qd2 34. Qxd2 Rxd2 35. Rb1 Rxd4 36. Rb8+ Kg7 37. Rc8 Ra4 38. Rxc6 Rxa5 39. Rc7
d4 40. c6 d3 41. Kf1 Rc5 42. Ke1 Rc2 43. Rxa7 Rxc6 44. Rd7 Rc2 45. Rxd3 Rxh2
46. f4 h5 47. Kf1 Kf6 48. Kg1 Rc2 49. Rd5 Rc4 50. Kg2 h4 51. Ra5 hxg3 52. Kxg3
Rc7 53. Kg4 Kg7 54. Ra3 Rc1 55. Rb3 Rh1 56. Rb7 Rd1 57. Rb3 f5+ 58. Kg3 Kh6 59.
Kf2 Rd2+ 60. Kg3 Kh5 61. Ra3 Rd1 62. Rf3 Rg1+ 63. Kf2 Rg4 64. Kf1 Rh4 65. Kg2
Kg4 66. Rg3+ Kxf4 67. Rxg6 Rh7 68. Ra6 Re7 69. Kf2 Re4 70. Ra3 Kg4 71. Rg3+ Kf4
72. Rf3+ Ke5 73. Re3 1/2-1/2

[Event "SC Doppelbauer Brambauer 1 - SK Germani"]
[Site "Verbandsklasse - Gruppe 2 202"]
[Date "2022.05.01"]
[Round "8.4"]
[White "Zimmermann, Dirk"]
[Black "Bendel, Ruediger"]
[Result "1/2-1/2"]
[WhiteElo "1861"]
[BlackElo "1874"]
[PlyCount "46"]
[EventDate "2022.??.??"]
[WhiteTeam "SC Doppelbauer Brambauer 1"]
[BlackTeam "SK Germania Kupferdreh 1"]

1. e4 c5 2. Nf3 e6 3. d3 d6 4. g3 g6 5. Bg2 Bg7 6. O-O Ne7 7. Nbd2 Nbc6 8. a4
O-O 9. Re1 e5 10. c3 h6 11. Nc4 Be6 12. Ne3 a5 13. Nd2 d5 14. c4 dxc4 15. dxc4
Nd4 16. Nd5 Nec6 17. Nb3 Nxb3 18. Qxb3 Nd4 19. Qd3 f5 20. f4 Bxd5 21. cxd5 c4
22. Qd1 Nb3 23. Rb1 exf4 1/2-1/2

[Event "SC Doppelbauer Brambauer 1 - SK Germani"]
[Site "Verbandsklasse - Gruppe 2 202"]
[Date "2022.05.01"]
[Round "8.5"]
[White "Zagrabski, Kevin"]
[Black "Jochmann, Christian"]
[Result "1/2-1/2"]
[WhiteElo "1885"]
[BlackElo "1875"]
[PlyCount "39"]
[EventDate "2022.??.??"]
[WhiteTeam "SK Germania Kupferdreh 1"]
[BlackTeam "SC Doppelbauer Brambauer 1"]

1. d4 Nf6 2. Nf3 d5 3. Bf4 e6 4. e3 c5 5. Nbd2 Nc6 6. c3 Bd6 7. Bg3 O-O 8. Bd3
b6 9. Ne5 Bb7 10. f4 Qc7 11. O-O Ne7 12. Bh4 Ne4 13. Bxe7 Qxe7 14. Qc2 Nxd2 15.
Qxd2 f6 16. Nf3 e5 17. Nh4 g6 18. g3 Kg7 19. Rae1 e4 20. Be2 1/2-1/2

[Event "SC Doppelbauer Brambauer 1 - SK Germani"]
[Site "Verbandsklasse - Gruppe 2 202"]
[Date "2022.05.01"]
[Round "8.6"]
[White "Deckert, Frank"]
[Black "Degner, Friedhelm"]
[Result "1-0"]
[WhiteElo "1835"]
[BlackElo "1765"]
[PlyCount "93"]
[EventDate "2022.??.??"]
[WhiteTeam "SC Doppelbauer Brambauer 1"]
[BlackTeam "SK Germania Kupferdreh 1"]

1. c4 Nf6 2. Nc3 e5 3. g3 d5 4. cxd5 Nxd5 5. Bg2 c6 6. e3 Be6 7. Nge2 Bb4 8. a3
Ba5 9. O-O O-O 10. Qc2 f5 11. f4 Nd7 12. fxe5 Nxe5 13. Nd4 Qd7 14. Nxe6 Qxe6
15. Ne2 Ne7 16. b3 Bb6 17. Nf4 Qd6 18. Bb2 Rf7 19. Qc3 N5g6 20. Nxg6 hxg6 21.
Kh1 Rd8 22. Rad1 Qd3 23. Qc4 Qxc4 24. bxc4 Rd3 25. Rfe1 Nc8 26. Bf1 Rb3 27. Bc1
Nd6 28. d4 Ne4 29. c5 Ba5 30. Bc4 Bxe1 31. Rxe1 Rb1 32. Kg2 Kf8 33. Bxf7 Kxf7
34. Kf3 Ke6 35. g4 Kd5 36. gxf5 gxf5 37. Kf4 Nf2 38. Kxf5 Nd3 39. Rd1 g6+ 40.
Kxg6 Ke4 41. h4 Nxc1 42. h5 b6 43. h6 bxc5 44. h7 Rb8 45. Rxc1 cxd4 46. exd4
Kd5 47. Rc5+ 1-0

[Event "SC Doppelbauer Brambauer 1 - SK Germani"]
[Site "Verbandsklasse - Gruppe 2 202"]
[Date "2022.05.01"]
[Round "8.7"]
[White "Wuthcke, Dieter"]
[Black "Natschke, Norbert"]
[Result "1-0"]
[WhiteElo "1715"]
[BlackElo "1803"]
[PlyCount "91"]
[EventDate "2022.??.??"]
[WhiteTeam "SK Germania Kupferdreh 1"]
[BlackTeam "SC Doppelbauer Brambauer 1"]

1. d4 Nf6 2. c4 e6 3. Nf3 b6 4. a3 Bb7 5. Nc3 d5 6. e3 a6 7. b4 Nbd7 8. Be2 Be7
9. Bb2 O-O 10. O-O Ne4 11. Rc1 f5 12. c5 bxc5 13. dxc5 c6 14. Nd4 Rf6 15. Qa4
e5 16. Nf3 Qc7 17. Rfd1 a5 18. Qb3 Nxc3 19. Bxc3 a4 20. Qb2 Re6 21. Qc2 g6 22.
Bb2 Bf6 23. Qd2 Nf8 24. b5 cxb5 25. Bxb5 Qa5 26. Qe2 Rd8 27. c6 Bc8 28. Bc3 Qc7
29. Qd2 d4 30. Ba5 dxe3 31. Qxd8 Bxd8 32. Bxc7 Bxc7 33. Bc4 exf2+ 34. Kxf2 Kg7
35. Bxe6 Nxe6 36. g3 e4 37. Nd2 Bb6+ 38. Kg2 e3 39. Nc4 e2 40. Re1 Bc5 41. Rxe2
Nd4 42. Re5 Nb3 43. Rd1 Ba6 44. c7 Bb7+ 45. Kh3 Kf6 46. Re8 1-0

[Event "SC Doppelbauer Brambauer 1 - SK Germani"]
[Site "Verbandsklasse - Gruppe 2 202"]
[Date "2022.05.01"]
[Round "8.8"]
[White "Krawczyk, Christian"]
[Black "Unteregge, Michael"]
[Result "0-1"]
[WhiteElo "1434"]
[BlackElo "2048"]
[PlyCount "52"]
[EventDate "2022.??.??"]
[WhiteTeam "SC Doppelbauer Brambauer 1"]
[BlackTeam "SK Germania Kupferdreh 1"]

1. e4 c6 2. Nc3 d5 3. exd5 cxd5 4. d3 Nc6 5. Nf3 Bg4 6. Be2 Nf6 7. Bg5 e6 8.
O-O Rc8 9. Nb1 Bd6 10. c3 O-O 11. Nbd2 b5 12. a3 a5 13. Nb3 h6 14. Bh4 b4 15.
cxb4 axb4 16. Nfd4 Bxe2 17. Qxe2 bxa3 18. Nxc6 Rxc6 19. bxa3 Rc3 20. Rfb1 Qc7
21. Bxf6 gxf6 22. h3 Rb8 23. Nd4 Rxb1+ 24. Rxb1 Rc1+ 25. Rxc1 Qxc1+ 26. Qf1
Bh2+ 0-1

[Event "SV Welper 2 - SV Königsspringer Haltern"]
[Site "Verbandsklasse - Gruppe 2 202"]
[Date "2022.05.01"]
[Round "8.1"]
[White "Lombardi, Marco"]
[Black "Marx, Patrick"]
[Result "0-1"]
[WhiteElo "1933"]
[BlackElo "1958"]
[PlyCount "136"]
[EventDate "2022.??.??"]
[WhiteTeam "SV Königsspringer Haltern 1"]
[BlackTeam "SV Welper 2"]

1. e4 c6 2. d4 d5 3. Nc3 dxe4 4. Nxe4 Nf6 5. Ng3 e6 6. Nf3 Nbd7 7. Bd3 Qc7 8.
h3 b6 9. Be3 Bb7 10. c3 c5 11. dxc5 Bxc5 12. Bxc5 Qxc5 13. O-O O-O 14. Qe2 Rfd8
15. Rad1 Qc7 16. Bc2 Nc5 17. Rfe1 Nd5 18. Qe5 Qxe5 19. Nxe5 b5 20. Ne4 Nxe4 21.
Bxe4 h6 22. Nf3 Rab8 23. Rd4 Rdc8 24. Ne5 Rc7 25. Red1 Kf8 26. g3 Ke7 27. Bg2
Nb6 28. Bxb7 Rbxb7 29. a3 Na4 30. R1d2 Nc5 31. Rc2 f6 32. Nd3 Nxd3 33. Rxd3 Rc4
34. b3 Rc5 35. Kf1 h5 36. Ke2 Rbc7 37. f4 g5 38. fxg5 fxg5 39. Re3 e5 40. b4
Rd5 41. Re4 Ke6 42. g4 hxg4 43. hxg4 Rh7 44. Kf3 Rd3+ 45. Kg2 Kd5 46. Rce2 Re7
47. R2e3 Rxe3 48. Rxe3 e4 49. Rh3 Kc4 50. Kf2 Kb3 51. Rh5 e3+ 52. Ke2 Re5 53.
Rh6 Kxc3 54. Rc6+ Kd4 55. Rc7 Ke4 56. Rxa7 Kf4 57. Ra5 Rd5 58. Ra8 Rd2+ 59. Ke1
Kxg4 60. Re8 Rd3 61. Ke2 Rxa3 62. Re5 Kf4 63. Rxb5 Ra2+ 64. Ke1 g4 65. Rb8 g3
66. Rf8+ Ke4 67. Re8+ Kd3 68. Rd8+ Kc4 0-1

[Event "SV Welper 2 - SV Königsspringer Haltern"]
[Site "Verbandsklasse - Gruppe 2 202"]
[Date "2022.05.01"]
[Round "8.2"]
[White "Teich, Udo"]
[Black "Czarnik, Jozef"]
[Result "1/2-1/2"]
[WhiteElo "1861"]
[BlackElo "1885"]
[PlyCount "149"]
[EventDate "2022.??.??"]
[WhiteTeam "SV Welper 2"]
[BlackTeam "SV Königsspringer Haltern 1"]

1. c4 e5 2. Nc3 Nc6 3. Nf3 f5 4. g3 Nf6 5. d4 e4 6. Nh4 Bb4 7. d5 Bxc3+ 8. bxc3
Ne5 9. d6 cxd6 10. Nxf5 O-O 11. Nxd6 Qa5 12. Qb3 Nf7 13. Ba3 Nxd6 14. Bxd6 Rf7
15. c5 b5 16. e3 a6 17. Be2 Bb7 18. O-O Bd5 19. c4 Bc6 20. cxb5 Bxb5 21. Bc4
Bxc4 22. Qxc4 Qd8 23. Rab1 Rc8 24. Rb6 Ne8 25. Qxe4 Nxd6 26. Rxd6 Rxc5 27. Rxa6
d5 28. Qa4 h6 29. Ra8 Rc8 30. Rxc8 Qxc8 31. Qd4 Qf5 32. a4 Rc7 33. Rd1 Rc4 34.
Qxd5+ Qxd5 35. Rxd5 Rxa4 36. Kg2 Kf7 37. Rd6 Ke7 38. Rb6 Ra5 39. h4 h5 40. f4
Kf7 41. Kf3 Ra3 42. Rb5 g6 43. Re5 Kf6 44. g4 hxg4+ 45. Kxg4 Ra1 46. Rg5 Re1
47. Kf3 Rh1 48. h5 gxh5 49. Ke4 h4 50. Rh5 Kg6 51. Rh8 Kg7 52. Rh5 Kg6 53. Rg5+
Kf6 54. Kf3 Rh3+ 55. Kf2 Rh2+ 56. Rg2 Rh3 57. Ke2 Rh1 58. Kf2 Rh3 59. Ke2 Rh1
60. Kf3 Rh3+ 61. Ke4 Rh1 62. f5 Ra1 63. Rg6+ Kf7 64. Kf4 Rf1+ 65. Ke5 Rf3 66.
e4 h3 67. Rh6 Ra3 68. Kf4 Kg7 69. Rh4 Kf7 70. Kg4 Re3 71. Kf4 Ra3 72. Rh6 Kg7
73. Rg6+ Kf7 74. Rg1 h2 75. Rh1 1/2-1/2

[Event "SV Welper 2 - SV Königsspringer Haltern"]
[Site "Verbandsklasse - Gruppe 2 202"]
[Date "2022.05.01"]
[Round "8.3"]
[White "Michalicek, Roland"]
[Black "Leimkuehler, Dirk"]
[Result "0-1"]
[WhiteElo "1840"]
[BlackElo "1798"]
[PlyCount "118"]
[EventDate "2022.??.??"]
[WhiteTeam "SV Königsspringer Haltern 1"]
[BlackTeam "SV Welper 2"]

1. e4 d5 2. exd5 Qxd5 3. Nc3 Qd6 4. Bc4 Nf6 5. d3 c6 6. Qe2 Bf5 7. Ne4 Nxe4 8.
dxe4 Be6 9. Bd2 Bxc4 10. Qxc4 Na6 11. Nf3 e6 12. O-O Be7 13. Bc3 O-O 14. Rad1
Qc5 15. Qe2 Rad8 16. Bd4 Qa5 17. a3 c5 18. Bc3 Qc7 19. Qe3 h6 20. Nd2 Rd7 21.
Qh3 Rfd8 22. Qg4 Bf8 23. f4 b5 24. Qe2 b4 25. Be5 Qc6 26. f5 f6 27. Bf4 e5 28.
Be3 c4 29. axb4 Nxb4 30. Qg4 Bc5 31. Nxc4 Nxc2 32. Rxd7 Rxd7 33. Qg6 Rd8 34.
Nxe5 Bxe3+ 35. Kh1 Qe8 36. Nc4 Qxe4 37. Nxe3 Nxe3 38. Re1 Rd1 39. Rxd1 Nxd1 40.
h3 Nf2+ 41. Kh2 Qe5+ 42. Kg1 Nd3 43. b3 Nf4 44. Qg4 h5 45. Qf3 Qxf5 46. Qa8+
Kh7 47. Qxa7 Ne2+ 48. Kh2 Qf4+ 49. Kh1 Qd4 50. Qxd4 Nxd4 51. b4 Kg6 52. g3 Kf5
53. Kg2 Ke4 54. Kf2 g5 55. Kg2 g4 56. hxg4 hxg4 57. Kf2 Kd3 58. Kf1 Ke3 59. Kg2
Ke2 0-1

[Event "SV Welper 2 - SV Königsspringer Haltern"]
[Site "Verbandsklasse - Gruppe 2 202"]
[Date "2022.05.01"]
[Round "8.4"]
[White "Wallhof, Dieter"]
[Black "Schulz, Alfons"]
[Result "1-0"]
[WhiteElo "1804"]
[BlackElo "1824"]
[PlyCount "87"]
[EventDate "2022.??.??"]
[WhiteTeam "SV Welper 2"]
[BlackTeam "SV Königsspringer Haltern 1"]

1. d4 Nf6 2. Nf3 e6 3. e3 b6 4. Nbd2 Bb7 5. Bd3 d5 6. O-O Be7 7. b3 O-O 8. Bb2
Ne4 9. c4 Nd7 10. cxd5 exd5 11. Qe2 f5 12. Rfd1 Ndf6 13. Ne5 Bb4 14. Nb1 Be7
15. f3 Nd6 16. Nd2 a6 17. Rac1 Nfe8 18. Nc6 Qd7 19. Nxe7+ Qxe7 20. Re1 Nf6 21.
Nf1 g6 22. Ba3 Rfe8 23. Qf2 Qd7 24. Qh4 Nh5 25. g4 fxg4 26. fxg4 Ng7 27. Qg3
Re6 28. Re2 Rae8 29. Rf2 Ne4 30. Bxe4 Rxe4 31. Rf4 Ne6 32. Rxe4 dxe4 33. h4 a5
34. Nh2 a4 35. g5 axb3 36. axb3 Ra8 37. Ng4 Qg7 38. Nh6+ Kh8 39. Rf1 Nxd4 40.
exd4 Qxd4+ 41. Kh2 e3 42. Rf8+ Rxf8 43. Bxf8 Qe4 44. Bg7+ 1-0